01861nam a2200373 i 450000100060000000300100000600500170001600700030003300800410003602000180007704000350009504100130013004300120014308400060015510000440016124501170020525000220032226400540034430000540039833600270045233700330047933800280051249000240054052005460056452100620111053400330117265000490120565000510125465000340130565000350133965000390137470000350141370000390144860785CO-BoRNBP20260318133638.0ta210813s2009 sp a ar 000 p s d a9788492608171 aCO-BoRNBPbspaerdacCO-BoRNBP1 aspahpor ae-po--- aP1 aMésseder, Joäo Pedro,d1957- ,eaut13aEl tiempo vuela /cJoao Pedro Mésseder ; ilustraciones de Gémeo Luís ; traducción de Xosé Ballesteros. aPrimera edición 1aSevilla, España :bKalandraka Ediciones,c2009. a[28] páginas :bilustraciones a color ;c22 cm. atextobtxt2rdacontent asin mediaciónbn2rdamedia avolumenbnc2rdacarrier0 aLibros para soñar1 a¿Cuántos meses tiene un año? –Doce meses, ¿quieres más? –Quisiera tener los doce y otro para descansar. El tiempo es la materia prima de la que estamos hechos: segundos, minutos, horas, días, semanas, meses, años... Este libro nos ofrece otra mirada alternativa sobre esa medida y nos da a conocer otra clase de relojes: “ésos donde nunca se sabe qué hora es”, en palabras de Álvaro Magalhães. Acostumbrados a preguntar la hora, este álbum sugiere lo opuesto: preguntar la hora que no es. (Tomado de la fuente).1 aRecomendado para un público infantil mayor de 3 años. tTrocar às voltas ao tempo.17aPoesía infantil portuguesaySiglo XX2rnbp17aLiteratura infantil portuguesaySiglo XX2rnbp17aTiempo en la literatura2rnbp17aRelojes en la literatura2rnbp17aCalendarios en la literatura2rnbp1 aLuís, Gémeo,d1965- ,eill1 aBallesteros, Xosé,d1956- ,etrl